[Event "59th Hoogovens it"]
[Site "Wijk aan Zee NED"]
[Date "1997.02.02"]
[Round "13"]
[White "Salov, Valery"]
[Black "Kortschnoj, Viktor"]
[Result "1/2-1/2"]
[WhiteElo "2665"]
[BlackElo "2635"]
[EventDate "1997.01.18"]
[PlyCount "161"]

1. d4 Nf6 2. c4 e6 3. Nf3 d5 4. g3 dxc4 5. Qa4+ Nbd7 6. Bg2 a6 7. Qxc4 c5 8. dxc5 Bxc5 9. O-O b5 10. Qh4 Bb7 11. Nc3 Rc8 12. Bg5 Qb6 13. Rad1 h6 14. Bxf6 Nxf6 15. Rd3 O-O 16. Ne5 Bxg2 17. Kxg2 Rfd8 18. Rfd1 Rxd3 19. Nxd3 Bd4 20. Nb1 e5 21. Nd2 Rc2 22. Qh3 Qb7+ 23. Kg1 e4 24. Nb4 Rxb2 25. Nb3 e3 26. f3 Bb6 27. Rc1 Qd7 28. Qxd7 Nxd7 29. Kf1 a5 30. Rd1 Nf6 31. Rd6 Bc7 32. Rc6 Bxg3 33. hxg3 axb4 34. Rc5 Rxa2 35. Rxb5 Rb2 36. Nd4 g6 37. g4 Kg7 38. Kg2 Rd2 39. Rxb4 Nd5 40. Rc4 Nf4+ 41. Kh2 Kh7 42. Nf5 gxf5 43. Rxf4 Rxe2+ 44. Kg3 Re1 45. Rxf5 Rg1+ 46. Kh2 e2 47. Kxg1 e1=Q+ 48. Kg2 Kg6 49. Rh5 Qe2+ 50. Kg3 Qf1 51. Kf4 Qe1 52. Rd5 Qc1+ 53. Kg3 Qc7+ 54. Kg2 Qf4 55. Rh5 Kf6 56. Rd5 Ke6 57. Rh5 Qd2+ 58. Kg3 f6 59. Rf5 Qc1 60. Rh5 Qg1+ 61. Kf4 Qe1 62. Rb5 Qc1+ 63. Kg3 Qg1+ 64. Kf4 Qh2+ 65. Ke3 Kf7 66. Rh5 Qg1+ 67. Kf4 Kg6 68. Rd5 Qh2+ 69. Ke3 Kf7 70. Rh5 Qg1+ 71. Kf4 Ke6 72. Rb5 Qh2+ 73. Ke3 Kd6 74. Rf5 Qb2 75. Rh5 Ke6 76. Kf4 Qc3 77. Kg3 Qc7+ 78. Kg2 Qf7 79. Rb5 Qe8 80. Rf5 Qg6 81. Rb5 1/2-1/2

[Event "59th Hoogovens it"]
[Site "Wijk aan Zee NED"]
[Date "1997.02.02"]
[Round "13"]
[White "Timman, Jan"]
[Black "Lautier, Joel"]
[Result "1/2-1/2"]
[WhiteElo "2630"]
[BlackElo "2630"]
[EventDate "1997.01.18"]
[PlyCount "83"]

1. e4 c5 2. Nf3 d6 3. Bb5+ Nd7 4. d4 Ngf6 5. Nc3 cxd4 6. Qxd4 g6 7. e5 dxe5 8. Nxe5 Bg7 9. Bg5 O-O 10. O-O-O Qa5 11. Nc4 Qc7 12. Rhe1 Qxh2 13. Rxe7 Qxg2 14. Qh4 h6 15. Bxh6 Qg4 16. Qh2 Nc5 17. Bxg7 Kxg7 18. Ne3 Qh5 19. Qg3 Be6 20. Be2 Qh3 21. Qe5 Rac8 22. b4 Na6 23. Rxb7 Nb8 24. Ne4 Qh4 25. Ng5 Bxa2 26. Ng4 Rc6 27. Nxf6 Rxf6 28. Rd6 Qf4+ 29. Qxf4 Rxf4 30. Kb2 Rxf2 31. Kxa2 Kh6 32. Nxf7+ R8xf7 33. Rxf7 Rxf7 34. Bd3 Rg7 35. Kb3 Kh5 36. Be2+ Kh4 37. Rd4+ Kg3 38. b5 Nd7 39. Kb4 Kf2 40. Bd1 Ke3 41. Rd6 Ne5 42. Re6 1/2-1/2